000
00433nam a2200133Ia 4500
008
100328s9999 xx 000 0 und d
082
_b
21300
100
_a
चट्टोपायाय शरतेचंद्र
245
_a
सुप्रभात
260
_b
महाराष्ट्र ग्रंथ भांडार
630
_a
सुप्रभात
730
_a
सुप्रभात
942
_c
BOOK
999
_c
515335
_d
515332